000 00440nab a2200145Ia 4500
003 ES-SlBCS
005 20210601130756.0
008 140529s1981 xxu||||| |||| 00| 0 fre d
041 _afre
100 1 _aCavanna, Henry
_9177115
245 0 0 _aÉthique et Societé: Des Apories Contemporaines
_c Henry Cavanna
650 0 4 _aÉtica-Sociedad
_9177116
773 0 _tPresença Filosofica
_gvol. 7, nº. 1, 1981, págs. 36-40
_wRev966
942 _cAR
999 _c552166
_d552166